Statystyki dla Stolice danych rzeczy w Polsce

Kliknij tutaj aby rozwiązać quiz!

Ogólne statystyki

  • Ten quiz został rozwiązany 3 358 razy
  • Średni wynik to 6 z 7

Statystyki odpowiedzi

HintOdpowiedź% Poprawnych
Aktualna StolicaWarszawa
100%
Pierwsza Stolica PolskiGniezno/Poznań
99%
Stolica Polski Przed AktualnąKraków
99%
(DODATKOWE PYTANIE) Ile województw ma Polska?16
97%
Stolica Województwa SląskiegoKatowice
93%
Stolica Polskiej PiosenkiOpole
74%
Trzecia Stolica PolskiPłock
40%

Rozkład punktacji

Percentyl według liczby udzielonych odpowiedzi

Procent ludzi z każdym wynikiem

Twoja historia wyników

Nie rozwiązałeś tego quizu